[Event "blitmenteam"]
[Site "?"]
[Date "2016.10.07"]
[Round "14.10"]
[White "Bocharov, Dmitry"]
[Black "Chos, Alexey"]
[Result "1-0"]
[LiveChessVersion "1.4.4"]
[BlackElo "2336"]
[WhiteElo "2660"]

1. d4 {[%clk 0:03:02]} Nf6 {[%clk 0:03:03]} 2. c4 {[%clk 0:03:02]} c5
{[%clk 0:03:04]} 3. d5 {[%clk 0:03:02]} g6 {[%clk 0:03:05]} 4. Nc3
{[%clk 0:03:02]} Bg7 {[%clk 0:03:07]} 5. e4 {[%clk 0:03:02]} d6 {[%clk 0:03:08]}
6. Nf3 {[%clk 0:02:54]} e6 {[%clk 0:03:09]} 7. h3 {[%clk 0:02:55]} exd5
{[%clk 0:03:09]} 8. cxd5 {[%clk 0:02:55]} O-O {[%clk 0:03:09]} 9. Bd3
{[%clk 0:02:55]} b5 {[%clk 0:02:54]} 10. O-O {[%clk 0:02:55]} c4 {[%clk 0:02:51]}
11. Bc2 {[%clk 0:02:55]} a6 {[%clk 0:02:45]} 12. Bf4 {[%clk 0:02:55]} Qb6
{[%clk 0:02:33]} 13. Be3 {[%clk 0:02:56]} Qd8 {[%clk 0:02:28]} 14. Nd4
{[%clk 0:02:48]} Nfd7 {[%clk 0:02:23]} 15. Qd2 {[%clk 0:02:41]} Nc5
{[%clk 0:02:17]} 16. b4 {[%clk 0:02:41]} cxb3 {[%clk 0:02:11]} 17. axb3
{[%clk 0:02:41]} b4 {[%clk 0:01:51]} 18. Nce2 {[%clk 0:02:16]} Re8
{[%clk 0:01:47]} 19. Ng3 {[%clk 0:02:02]} a5 {[%clk 0:01:43]} 20. Rfe1
{[%clk 0:02:03]} Ba6 {[%clk 0:01:36]} 21. Bg5 {[%clk 0:01:58]} Qb6
{[%clk 0:01:34]} 22. Bh6 {[%clk 0:01:57]} Nbd7 {[%clk 0:01:31]} 23. Bxg7
{[%clk 0:01:38]} Kxg7 {[%clk 0:01:32]} 24. Rad1 {[%clk 0:01:35]} a4
{[%clk 0:01:21]} 25. bxa4 {[%clk 0:01:35]} b3 {[%clk 0:01:22]} 26. Bb1
{[%clk 0:01:34]} Nxa4 {[%clk 0:01:18]} 27. Re3 {[%clk 0:01:26]} Ne5
{[%clk 0:01:16]} 28. Rxb3 {[%clk 0:00:50]} Qc5 {[%clk 0:01:07]} 29. Ndf5+
{[%clk 0:00:37]} Kh8 {[%clk 0:01:01]} 30. Qg5 {[%clk 0:00:32]} Nd7
{[%clk 0:00:55]} 31. Nh6 {[%clk 0:00:26]} f6 {[%clk 0:00:55]} 32. Qf4
{[%clk 0:00:26]} Rab8 {[%clk 0:00:42]} 33. Nf7+ {[%clk 0:00:18]} 1-0

[Event "blitmenteam"]
[Site "?"]
[Date "2016.10.07"]
[Round "14.11"]
[White "Jary, Sergey"]
[Black "Evdokimov, Alexander A."]
[Result "1/2-1/2"]
[LiveChessVersion "1.4.4"]
[BlackElo "2524"]
[WhiteElo "2368"]

1. d4 {[%clk 0:03:03]} Nf6 {[%clk 0:03:03]} 2. Nf3 {[%clk 0:03:04]} g6
{[%clk 0:03:04]} 3. Bf4 {[%clk 0:03:05]} Bg7 {[%clk 0:03:05]} 4. e3
{[%clk 0:03:07]} O-O {[%clk 0:03:05]} 5. h3 {[%clk 0:03:08]} b6 {[%clk 0:03:02]}
6. Be2 {[%clk 0:03:09]} Bb7 {[%clk 0:03:03]} 7. O-O {[%clk 0:03:10]} c5
{[%clk 0:03:01]} 8. c3 {[%clk 0:03:11]} d6 {[%clk 0:03:02]} 9. Nbd2
{[%clk 0:03:12]} Nc6 {[%clk 0:03:01]} 10. Bh2 {[%clk 0:03:12]} Qc7
{[%clk 0:03:01]} 11. a3 {[%clk 0:03:13]} e5 {[%clk 0:02:38]} 12. dxe5
{[%clk 0:03:10]} Nxe5 {[%clk 0:02:31]} 1/2-1/2

[Event "blitmenteam"]
[Site "?"]
[Date "2016.10.07"]
[Round "14.12"]
[White "Zablotsky, Sergei"]
[Black "Sanin, Andrey"]
[Result "1-0"]
[LiveChessVersion "1.4.4"]
[BlackElo "2214"]
[WhiteElo "2519"]

1. Nf3 {[%clk 0:03:03]} d5 {[%clk 0:03:03]} 2. g3 {[%clk 0:03:04]} Nf6
{[%clk 0:03:04]} 3. Bg2 {[%clk 0:03:05]} c6 {[%clk 0:03:05]} 4. O-O
{[%clk 0:03:05]} Bf5 {[%clk 0:03:05]} 5. d3 {[%clk 0:03:05]} h6 {[%clk 0:03:03]}
6. c4 {[%clk 0:03:05]} e6 {[%clk 0:03:04]} 7. Nc3 {[%clk 0:03:06]} Nbd7
{[%clk 0:03:02]} 8. cxd5 {[%clk 0:03:07]} exd5 {[%clk 0:03:01]} 9. e4
{[%clk 0:03:05]} Bg4 {[%clk 0:02:38]} 10. exd5 {[%clk 0:02:43]} cxd5
{[%clk 0:02:37]} 11. Re1+ {[%clk 0:02:40]} Be7 {[%clk 0:02:37]} 12. h3
{[%clk 0:02:40]} Bh5 {[%clk 0:02:32]} 13. Qe2 {[%clk 0:02:30]} Kf8
{[%clk 0:02:23]} 14. Bf4 {[%clk 0:02:25]} g5 {[%clk 0:02:17]} 15. Be5
{[%clk 0:02:20]} Nb6 {[%clk 0:02:07]} 16. a4 {[%clk 0:02:12]} a5 {[%clk 0:02:06]}
17. Nb5 {[%clk 0:02:12]} Rc8 {[%clk 0:02:01]} 18. Rac1 {[%clk 0:02:04]} Rxc1
{[%clk 0:01:38]} 19. Rxc1 {[%clk 0:02:05]} Nbd7 {[%clk 0:01:32]} 20. Bc7
{[%clk 0:02:02]} Qe8 {[%clk 0:01:28]} 21. Bxa5 {[%clk 0:01:51]} Kg7
{[%clk 0:01:27]} 22. Bc3 {[%clk 0:01:49]} Kh7 {[%clk 0:01:14]} 23. Re1
{[%clk 0:01:35]} Bc5 {[%clk 0:01:04]} 24. Qxe8 {[%clk 0:01:35]} Rxe8
{[%clk 0:01:04]} 25. Rxe8 Nxe8 {[%clk 0:01:05]} 26. Ne5 {[%clk 0:01:28]} Nxe5
{[%clk 0:01:00]} 27. Bxe5 {[%clk 0:01:29]} Be2 {[%clk 0:00:50]} 28. d4
{[%clk 0:01:17]} Bxb5 {[%clk 0:00:42]} 29. axb5 {[%clk 0:01:14]} Bb6
{[%clk 0:00:34]} 30. Bxd5 {[%clk 0:01:15]} f6 {[%clk 0:00:35]} 31. Bb8
{[%clk 0:01:10]} Bxd4 {[%clk 0:00:34]} 32. Bxb7 {[%clk 0:01:09]} Bxb2
{[%clk 0:00:34]} 33. Bc6 {[%clk 0:01:00]} Ng7 {[%clk 0:00:29]} 34. b6
{[%clk 0:01:01]} Ne6 {[%clk 0:00:29]} 35. b7 {[%clk 0:01:00]} Nd8
{[%clk 0:00:16]} 36. Be4+ {[%clk 0:00:56]} 1-0

[Event "blitmenteam"]
[Site "?"]
[Date "2016.10.07"]
[Round "14.13"]
[White "Fedoseev, Vladimir"]
[Black "Golubov, Saveliy"]
[Result "0-1"]
[LiveChessVersion "1.4.4"]
[BlackElo "2530"]
[WhiteElo "2702"]

1. d4 {[%clk 0:03:03]} Nf6 {[%clk 0:03:04]} 2. Bg5 {[%clk 0:03:03]} e6
{[%clk 0:03:04]} 3. Nd2 {[%clk 0:03:04]} h6 {[%clk 0:03:05]} 4. Bh4
{[%clk 0:03:05]} Be7 {[%clk 0:03:06]} 5. e3 {[%clk 0:03:05]} O-O {[%clk 0:03:06]}
6. Ngf3 {[%clk 0:03:05]} b6 {[%clk 0:03:06]} 7. Bd3 {[%clk 0:03:02]} Bb7
{[%clk 0:03:07]} 8. O-O {[%clk 0:03:02]} c5 {[%clk 0:03:08]} 9. c3
{[%clk 0:02:56]} cxd4 {[%clk 0:03:09]} 10. cxd4 {[%clk 0:02:56]} Nc6
{[%clk 0:03:05]} 11. a3 {[%clk 0:02:57]} Rc8 {[%clk 0:03:06]} 12. Qe2
{[%clk 0:02:56]} Nh5 {[%clk 0:02:54]} 13. Bxe7 {[%clk 0:02:52]} Qxe7
{[%clk 0:02:54]} 14. Rfc1 {[%clk 0:02:45]} Nf6 {[%clk 0:02:54]} 15. e4
{[%clk 0:02:41]} d6 {[%clk 0:02:48]} 16. b4 {[%clk 0:02:40]} Rfd8
{[%clk 0:02:36]} 17. g3 {[%clk 0:02:34]} Nb8 {[%clk 0:02:22]} 18. e5
{[%clk 0:02:33]} dxe5 {[%clk 0:02:15]} 19. dxe5 {[%clk 0:02:34]} Rxc1+
{[%clk 0:02:09]} 20. Rxc1 {[%clk 0:02:35]} Nd5 {[%clk 0:02:06]} 21. Ne4
{[%clk 0:02:36]} Nd7 {[%clk 0:01:49]} 22. Ba6 {[%clk 0:02:30]} Bxa6
{[%clk 0:01:28]} 23. Qxa6 {[%clk 0:02:30]} Nf8 {[%clk 0:01:28]} 24. h4
{[%clk 0:02:28]} Rd7 {[%clk 0:01:20]} 25. Qc8 {[%clk 0:01:58]} Qd8
{[%clk 0:01:16]} 26. Nd6 {[%clk 0:01:52]} Qxc8 {[%clk 0:00:52]} 27. Rxc8
{[%clk 0:01:51]} f6 {[%clk 0:00:53]} 28. Nc4 {[%clk 0:01:32]} Rc7
{[%clk 0:00:50]} 29. Rxc7 Nxc7 {[%clk 0:00:51]} 30. Nd4 {[%clk 0:01:30]} b5
{[%clk 0:00:42]} 31. Nd6 {[%clk 0:01:29]} a6 {[%clk 0:00:43]} 32. exf6
{[%clk 0:01:14]} gxf6 {[%clk 0:00:45]} 33. Nb3 {[%clk 0:01:11]} Nd7
{[%clk 0:00:43]} 34. Ne4 {[%clk 0:01:12]} Kf7 {[%clk 0:00:38]} 35. Nec5
{[%clk 0:01:07]} Nb6 {[%clk 0:00:36]} 36. Nd2 {[%clk 0:01:04]} f5
{[%clk 0:00:26]} 37. Kf1 {[%clk 0:01:05]} Kf6 {[%clk 0:00:26]} 38. Ke2
{[%clk 0:01:06]} e5 {[%clk 0:00:20]} 39. Kd3 {[%clk 0:01:03]} Nbd5
{[%clk 0:00:14]} 40. Ndb3 {[%clk 0:00:58]} Ke7 {[%clk 0:00:13]} 41. Na5
{[%clk 0:00:59]} Kd6 {[%clk 0:00:12]} 42. Nab7+ {[%clk 0:00:56]} Ke7
{[%clk 0:00:13]} 43. Nb3 {[%clk 0:00:54]} Nb6 {[%clk 0:00:13]} 44. N3a5
{[%clk 0:00:55]} Nbd5 {[%clk 0:00:12]} 45. Nc6+ {[%clk 0:00:52]} Kf6
{[%clk 0:00:12]} 46. Nc5 {[%clk 0:00:52]} Nb6 {[%clk 0:00:07]} 47. Kc3
{[%clk 0:00:49]} Nc4 {[%clk 0:00:08]} 48. a4 {[%clk 0:00:47]} Nd6
{[%clk 0:00:06]} 49. a5 {[%clk 0:00:45]} Ne4+ {[%clk 0:00:07]} 50. Nxe4+
{[%clk 0:00:43]} fxe4 {[%clk 0:00:08]} 51. Nb8 {[%clk 0:00:38]} Nd5+
{[%clk 0:00:06]} 52. Kb3 {[%clk 0:00:40]} Nc7 {[%clk 0:00:07]} 53. Kc2
{[%clk 0:00:40]} Ke6 {[%clk 0:00:07]} 54. Nc6 {[%clk 0:00:30]} Kd5
{[%clk 0:00:08]} 55. Ne7+ Ke6 56. Nc8 {[%clk 0:00:24]} Nd5 {[%clk 0:00:11]} 57.
Kb3 {[%clk 0:00:22]} e3 {[%clk 0:00:11]} 58. fxe3 {[%clk 0:00:23]} Nxe3
{[%clk 0:00:13]} 59. Na7 {[%clk 0:00:22]} Kd7 {[%clk 0:00:13]} 60. Kc3
{[%clk 0:00:21]} Nd5+ {[%clk 0:00:10]} 61. Kd3 {[%clk 0:00:20]} Nf6
{[%clk 0:00:11]} 62. g4 {[%clk 0:00:18]} Nxg4 {[%clk 0:00:13]} 63. Ke4
{[%clk 0:00:19]} Kc7 {[%clk 0:00:09]} 64. Kd5 {[%clk 0:00:20]} e4
{[%clk 0:00:04]} 65. Nc6 {[%clk 0:00:20]} e3 {[%clk 0:00:06]} 66. Nd4
{[%clk 0:00:21]} Nf2 {[%clk 0:00:04]} 67. Ne2 {[%clk 0:00:18]} Nd3
{[%clk 0:00:05]} 68. Ke4 {[%clk 0:00:16]} Nxb4 {[%clk 0:00:07]} 69. Kxe3
{[%clk 0:00:17]} Nc6 {[%clk 0:00:09]} 70. Kf4 {[%clk 0:00:16]} Kd6
{[%clk 0:00:08]} 71. Kf5 {[%clk 0:00:18]} Nxa5 {[%clk 0:00:09]} 72. Kg6
{[%clk 0:00:19]} Ke7 {[%clk 0:00:10]} 73. Kxh6 {[%clk 0:00:20]} Kf6
{[%clk 0:00:11]} 74. h5 {[%clk 0:00:21]} Nc6 {[%clk 0:00:13]} 75. Kh7
{[%clk 0:00:22]} Ne5 {[%clk 0:00:13]} 76. Nd4 {[%clk 0:00:23]} b4
{[%clk 0:00:13]} 77. h6 {[%clk 0:00:21]} Kf7 {[%clk 0:00:14]} 78. Nb3
{[%clk 0:00:14]} Ng4 {[%clk 0:00:15]} 79. Na5 {[%clk 0:00:14]} Nf6+
{[%clk 0:00:16]} 80. Kh8 {[%clk 0:00:15]} Kg6 {[%clk 0:00:17]} 81. Nb3
{[%clk 0:00:06]} Kxh6 {[%clk 0:00:18]} 82. Na5 {[%clk 0:00:05]} Kg6
{[%clk 0:00:20]} 83. Nb3 {[%clk 0:00:07]} Kf7 {[%clk 0:00:21]} 84. Nd4
{[%clk 0:00:05]} a5 {[%clk 0:00:17]} 85. Nc6 {[%clk 0:00:03]} b3 {[%clk 0:00:16]}
86. Ne5+ Ke6 0-1

[Event "blitmenteam"]
[Site "?"]
[Date "2016.10.07"]
[Round "14.14"]
[White "Ivanov, Alexander Al."]
[Black "Chigaev, Maksim"]
[Result "0-1"]
[LiveChessVersion "1.4.4"]
[BlackElo "2563"]
[WhiteElo "2313"]

1. e4 {[%clk 0:03:03]} c6 {[%clk 0:03:03]} 2. d4 {[%clk 0:02:58]} d5
{[%clk 0:03:04]} 3. Nc3 {[%clk 0:02:59]} dxe4 4. Nxe4 {[%clk 0:03:00]} Bf5
{[%clk 0:03:06]} 5. Ng3 {[%clk 0:03:00]} Bg6 {[%clk 0:03:08]} 6. Nf3
{[%clk 0:03:01]} Nf6 {[%clk 0:03:08]} 7. c3 {[%clk 0:02:55]} Nbd7
{[%clk 0:03:06]} 8. Bc4 {[%clk 0:02:53]} e6 {[%clk 0:03:06]} 9. O-O
{[%clk 0:02:53]} Bd6 {[%clk 0:03:07]} 10. Re1 {[%clk 0:02:54]} Qc7
{[%clk 0:03:04]} 11. a4 {[%clk 0:02:42]} Bf4 {[%clk 0:02:52]} 12. Bxf4
{[%clk 0:02:35]} Qxf4 {[%clk 0:02:52]} 13. Qb3 {[%clk 0:02:23]} O-O
{[%clk 0:02:23]} 14. Ne5 {[%clk 0:02:21]} Rab8 {[%clk 0:02:12]} 15. Nxd7
{[%clk 0:02:21]} Nxd7 {[%clk 0:02:12]} 16. a5 {[%clk 0:02:16]} Qc7
{[%clk 0:02:06]} 17. h3 {[%clk 0:02:07]} Nf6 {[%clk 0:02:07]} 18. Qa3
{[%clk 0:02:05]} Rfc8 {[%clk 0:02:00]} 19. Qc5 {[%clk 0:02:02]} b6
{[%clk 0:02:01]} 20. axb6 {[%clk 0:02:04]} axb6 21. Qe5 Qe7 {[%clk 0:01:48]} 22.
b4 {[%clk 0:01:59]} h6 {[%clk 0:01:30]} 23. Ra3 {[%clk 0:01:43]} Nd5
{[%clk 0:01:14]} 24. Bxd5 cxd5 {[%clk 0:01:15]} 25. Ne2 {[%clk 0:01:05]} Qc7
{[%clk 0:01:12]} 26. Qxc7 {[%clk 0:01:00]} Rxc7 {[%clk 0:01:13]} 27. Nf4
{[%clk 0:01:01]} Bc2 {[%clk 0:01:11]} 28. Re2 {[%clk 0:00:58]} Bf5
{[%clk 0:01:11]} 29. Re3 {[%clk 0:00:53]} g5 {[%clk 0:01:09]} 30. Ne2
{[%clk 0:00:52]} Kg7 {[%clk 0:01:07]} 31. f3 {[%clk 0:00:40]} Bc2
{[%clk 0:01:06]} 32. Kf2 {[%clk 0:00:37]} Rbb7 {[%clk 0:00:58]} 33. Ra6
{[%clk 0:00:33]} Bb3 {[%clk 0:00:55]} 34. Ng3 {[%clk 0:00:28]} Bc4
{[%clk 0:00:56]} 35. Ra1 {[%clk 0:00:26]} Ra7 {[%clk 0:00:56]} 36. Ree1
{[%clk 0:00:28]} Bb5 {[%clk 0:00:55]} 37. Rxa7 {[%clk 0:00:24]} Rxa7
{[%clk 0:00:56]} 38. Rc1 {[%clk 0:00:22]} Ra2+ {[%clk 0:00:56]} 39. Kg1
{[%clk 0:00:23]} Kg6 {[%clk 0:00:56]} 40. Nf1 {[%clk 0:00:19]} Bxf1
{[%clk 0:00:40]} 41. Kxf1 {[%clk 0:00:21]} b5 {[%clk 0:00:40]} 42. Re1
{[%clk 0:00:14]} Rc2 43. Re3 Kf5 {[%clk 0:00:39]} 44. g3 h5 45. f4
{[%clk 0:00:09]} gxf4 46. Rf3 Kg5 {[%clk 0:00:24]} 47. Rxf4 {[%clk 0:00:07]} f6
{[%clk 0:00:25]} 48. h4+ {[%clk 0:00:05]} Kg6 {[%clk 0:00:26]} 49. Rf3
{[%clk 0:00:07]} e5 {[%clk 0:00:14]} 50. dxe5 fxe5 {[%clk 0:00:15]} 51. Rd3
{[%clk 0:00:08]} Kf5 {[%clk 0:00:14]} 52. Rxd5 {[%clk 0:00:09]} Rxc3
{[%clk 0:00:15]} 53. Kf2 {[%clk 0:00:09]} Ke4 {[%clk 0:00:15]} 54. Rxb5
{[%clk 0:00:09]} Rc2+ {[%clk 0:00:17]} 55. Kg1 {[%clk 0:00:09]} Kd4
{[%clk 0:00:15]} 56. Rb8 {[%clk 0:00:08]} e4 {[%clk 0:00:17]} 57. b5
{[%clk 0:00:08]} e3 {[%clk 0:00:18]} 58. Re8 {[%clk 0:00:05]} Rb2
{[%clk 0:00:17]} 0-1

[Event "blitmenteam"]
[Site "?"]
[Date "2016.10.07"]
[Round "14.15"]
[White "Yuffa, Daniil"]
[Black "Uzhva, Andrey"]
[Result "1-0"]
[LiveChessVersion "1.4.4"]
[BlackElo "2132"]
[WhiteElo "2460"]

1. d4 {[%clk 0:03:03]} Nf6 2. c4 g6 3. Nc3 d5 {[%clk 0:03:04]} 4. Bf4
{[%clk 0:03:07]} Bg7 {[%clk 0:02:51]} 5. Rc1 {[%clk 0:03:08]} c6 {[%clk 0:02:51]}
6. e3 {[%clk 0:03:09]} O-O {[%clk 0:02:50]} 7. Nf3 {[%clk 0:03:10]} Bg4
{[%clk 0:02:38]} 8. h3 {[%clk 0:03:11]} Bxf3 {[%clk 0:02:38]} 9. Qxf3
{[%clk 0:03:11]} e6 {[%clk 0:02:37]} 10. Bd3 {[%clk 0:03:09]} Nbd7
{[%clk 0:02:38]} 11. O-O {[%clk 0:03:09]} dxc4 {[%clk 0:02:25]} 12. Bxc4
{[%clk 0:03:09]} Nd5 {[%clk 0:02:27]} 13. Nxd5 {[%clk 0:03:00]} cxd5
{[%clk 0:02:15]} 14. Bb5 {[%clk 0:02:52]} Rc8 {[%clk 0:02:16]} 15. Qg3
{[%clk 0:02:07]} a6 16. Bd3 {[%clk 0:01:33]} Re8 {[%clk 0:01:31]} 17. Bc7
{[%clk 0:01:17]} Qe7 {[%clk 0:01:32]} 18. Bd6 {[%clk 0:00:56]} Qd8
{[%clk 0:01:33]} 19. Bc7 {[%clk 0:00:43]} Qe7 {[%clk 0:01:34]} 20. Qd6
{[%clk 0:00:44]} Bf8 {[%clk 0:01:21]} 21. Qxe7 {[%clk 0:00:40]} Bxe7
{[%clk 0:01:22]} 22. Rc2 {[%clk 0:00:32]} Nb8 {[%clk 0:01:00]} 23. Rfc1
{[%clk 0:00:33]} Nc6 {[%clk 0:01:00]} 24. Bg3 {[%clk 0:00:32]} Ra8
{[%clk 0:01:00]} 25. a3 {[%clk 0:00:32]} Red8 {[%clk 0:00:52]} 26. Rc3
{[%clk 0:00:30]} Kf8 {[%clk 0:00:51]} 27. Bc2 {[%clk 0:00:31]} Bd6
{[%clk 0:00:45]} 28. Bh4 {[%clk 0:00:27]} Rdc8 {[%clk 0:00:33]} 29. Ba4
{[%clk 0:00:27]} Na7 {[%clk 0:00:32]} 30. Kf1 {[%clk 0:00:08]} Rxc3
{[%clk 0:00:30]} 31. Rxc3 {[%clk 0:00:09]} Rc8 {[%clk 0:00:31]} 32. Rxc8+
{[%clk 0:00:09]} Nxc8 {[%clk 0:00:32]} 33. Ke2 {[%clk 0:00:10]} Nb6
{[%clk 0:00:31]} 34. Bb3 {[%clk 0:00:11]} Ke8 {[%clk 0:00:23]} 35. Kd3
{[%clk 0:00:12]} Kd7 {[%clk 0:00:25]} 36. f3 {[%clk 0:00:11]} f5 {[%clk 0:00:23]}
37. e4 {[%clk 0:00:12]} dxe4+ {[%clk 0:00:22]} 38. fxe4 {[%clk 0:00:13]} fxe4+
{[%clk 0:00:23]} 39. Kxe4 {[%clk 0:00:14]} Nc8 {[%clk 0:00:20]} 40. Ba4+
{[%clk 0:00:15]} b5 {[%clk 0:00:18]} 41. Bb3 {[%clk 0:00:16]} Ne7
{[%clk 0:00:16]} 42. Be1 {[%clk 0:00:15]} Nc6 {[%clk 0:00:12]} 43. d5
{[%clk 0:00:13]} exd5+ {[%clk 0:00:12]} 44. Bxd5 {[%clk 0:00:14]} Ne7
{[%clk 0:00:12]} 45. Bb7 {[%clk 0:00:13]} Kc7 {[%clk 0:00:06]} 46. Ba8
{[%clk 0:00:14]} Bc5 {[%clk 0:00:05]} 47. g4 {[%clk 0:00:13]} Nc6
{[%clk 0:00:05]} 48. Bg3+ {[%clk 0:00:12]} Kb6 {[%clk 0:00:06]} 49. h4
{[%clk 0:00:06]} Na5 {[%clk 0:00:06]} 50. Bd5 {[%clk 0:00:07]} Nc4
{[%clk 0:00:07]} 51. Bxc4 {[%clk 0:00:06]} bxc4 {[%clk 0:00:09]} 52. Kd5
{[%clk 0:00:07]} Kb5 {[%clk 0:00:10]} 53. h5 {[%clk 0:00:07]} gxh5
{[%clk 0:00:11]} 54. gxh5 {[%clk 0:00:08]} Be3 {[%clk 0:00:12]} 55. Be5
{[%clk 0:00:09]} Bc1 {[%clk 0:00:13]} 56. Bc3 {[%clk 0:00:10]} a5
{[%clk 0:00:14]} 57. a4+ {[%clk 0:00:10]} Kxa4 {[%clk 0:00:15]} 58. Kxc4
{[%clk 0:00:11]} Bg5 {[%clk 0:00:15]} 59. b3+ {[%clk 0:00:09]} Ka3
{[%clk 0:00:15]} 60. Bxa5 {[%clk 0:00:10]} Bf4 {[%clk 0:00:12]} 61. Bc3
{[%clk 0:00:09]} Bd6 {[%clk 0:00:12]} 62. b4 {[%clk 0:00:09]} Ka4
{[%clk 0:00:13]} 63. b5 {[%clk 0:00:10]} Bc7 {[%clk 0:00:12]} 64. Kc5
{[%clk 0:00:09]} Bg3 {[%clk 0:00:09]} 65. b6 {[%clk 0:00:10]} Kb3
{[%clk 0:00:10]} 66. Bf6 {[%clk 0:00:08]} Kc2 {[%clk 0:00:08]} 67. b7
{[%clk 0:00:09]} Kd3 {[%clk 0:00:08]} 68. Be7 {[%clk 0:00:08]} Ke4
{[%clk 0:00:08]} 69. Bd6 {[%clk 0:00:09]} Bf2+ {[%clk 0:00:09]} 70. Kb5
{[%clk 0:00:09]} Ba7 {[%clk 0:00:08]} 71. Ka6 {[%clk 0:00:10]} Kd4
{[%clk 0:03:02]} 1-0

[Event "blitmenteam"]
[Site "?"]
[Date "2016.10.07"]
[Round "14.16"]
[White "Ivlev, Aleksey"]
[Black "Lugovskoy, Maxim"]
[Result "1/2-1/2"]
[LiveChessVersion "1.4.4"]
[BlackElo "2427"]
[WhiteElo "2331"]

1. d4 {[%clk 0:03:03]} d5 {[%clk 0:03:03]} 2. Nf3 {[%clk 0:03:04]} e6 3. Bf4 Nf6
{[%clk 0:03:03]} 4. e3 {[%clk 0:03:07]} c5 {[%clk 0:03:02]} 5. c3
{[%clk 0:03:08]} Nc6 {[%clk 0:03:01]} 6. Nbd2 {[%clk 0:03:09]} Bd6
{[%clk 0:02:58]} 7. Bg3 {[%clk 0:03:10]} Ne4 {[%clk 0:02:59]} 8. Nxe4
{[%clk 0:03:08]} dxe4 {[%clk 0:03:00]} 9. Nd2 {[%clk 0:03:09]} f5
{[%clk 0:02:57]} 10. Nc4 {[%clk 0:03:04]} Be7 {[%clk 0:02:49]} 11. dxc5
{[%clk 0:03:05]} Qxd1+ 12. Rxd1 {[%clk 0:03:06]} Bxc5 {[%clk 0:02:44]} 13. Nd6+
{[%clk 0:03:07]} Bxd6 {[%clk 0:02:33]} 14. Bxd6 {[%clk 0:03:08]} Kf7
{[%clk 0:02:31]} 15. Be2 {[%clk 0:03:08]} e5 {[%clk 0:02:30]} 16. Bb5
{[%clk 0:02:59]} Re8 {[%clk 0:02:14]} 17. O-O {[%clk 0:02:57]} a6
{[%clk 0:02:12]} 18. Be2 {[%clk 0:02:34]} Be6 {[%clk 0:02:12]} 19. b3
{[%clk 0:02:35]} b5 {[%clk 0:02:11]} 20. Rd2 {[%clk 0:02:29]} Rac8
{[%clk 0:02:05]} 21. Rfd1 {[%clk 0:02:29]} Kf6 {[%clk 0:02:04]} 22. Ba3
{[%clk 0:02:22]} Ne7 {[%clk 0:02:04]} 23. Rd6 {[%clk 0:02:17]} Rc6
{[%clk 0:01:22]} 24. Rxc6 {[%clk 0:02:17]} Nxc6 {[%clk 0:01:23]} 25. Rd6
{[%clk 0:02:17]} Rc8 {[%clk 0:01:18]} 26. c4 {[%clk 0:02:18]} b4 {[%clk 0:00:58]}
27. Bb2 {[%clk 0:02:19]} Ke7 {[%clk 0:00:55]} 28. Rd1 {[%clk 0:02:06]} a5
{[%clk 0:00:56]} 29. f4 {[%clk 0:02:06]} exf3 {[%clk 0:00:55]} 30. gxf3
{[%clk 0:02:07]} g6 {[%clk 0:00:54]} 31. Kf2 {[%clk 0:01:58]} a4 {[%clk 0:00:54]}
32. Bc1 {[%clk 0:01:51]} axb3 {[%clk 0:00:50]} 33. axb3 {[%clk 0:01:52]} Ra8
{[%clk 0:00:51]} 34. Ke1 {[%clk 0:01:26]} Ra2 {[%clk 0:00:37]} 35. Rd2
{[%clk 0:01:26]} Ra1 {[%clk 0:00:37]} 36. Rd1 {[%clk 0:01:26]} Rb1
{[%clk 0:00:30]} 37. Bd2 {[%clk 0:01:14]} Rxb3 {[%clk 0:00:31]} 38. Ra1
{[%clk 0:01:16]} Ra3 {[%clk 0:00:28]} 39. Rxa3 {[%clk 0:01:13]} bxa3
{[%clk 0:00:29]} 40. Bc3 {[%clk 0:01:14]} a2 {[%clk 0:00:24]} 41. Kd2
{[%clk 0:01:09]} Kd6 {[%clk 0:00:23]} 42. Bb2 {[%clk 0:01:06]} Na5
{[%clk 0:00:21]} 43. Kc3 {[%clk 0:01:06]} Kc5 {[%clk 0:00:23]} 44. Ba3+
{[%clk 0:01:07]} Kc6 {[%clk 0:00:23]} 45. Bb2 {[%clk 0:01:08]} h5
{[%clk 0:00:21]} 46. Kb4 {[%clk 0:01:08]} Nb7 {[%clk 0:00:11]} 47. Bxe5
{[%clk 0:01:09]} Nd6 {[%clk 0:00:07]} 48. Ba1 {[%clk 0:01:04]} Nb7
{[%clk 0:00:07]} 49. Bd1 {[%clk 0:01:04]} g5 {[%clk 0:00:06]} 50. Bb3
{[%clk 0:01:01]} g4 {[%clk 0:00:07]} 51. fxg4 {[%clk 0:01:02]} fxg4
{[%clk 0:00:09]} 52. Bxa2 h4 53. Be5 {[%clk 0:01:01]} Nc5 {[%clk 0:00:12]} 54.
Kc3 {[%clk 0:01:00]} Ne4+ {[%clk 0:00:05]} 55. Kd4 {[%clk 0:01:00]} g3
{[%clk 0:00:05]} 56. hxg3 {[%clk 0:00:58]} Nxg3 {[%clk 0:00:05]} 57. Bb1
{[%clk 0:00:42]} Bf5 {[%clk 0:00:06]} 58. Bxg3 {[%clk 0:00:32]} Bxb1
{[%clk 0:00:06]} 59. Bxh4 {[%clk 0:00:33]} Kd7 {[%clk 0:00:07]} 1/2-1/2

[Event "blitmenteam"]
[Site "?"]
[Date "2016.10.07"]
[Round "14.17"]
[White "Alekseev, Evgeny"]
[Black "Tekeyev, Zaur"]
[Result "1-0"]
[LiveChessVersion "1.4.4"]
[BlackElo "2438"]
[WhiteElo "2662"]

1. e4 {[%clk 0:03:04]} c5 {[%clk 0:03:03]} 2. Nf3 {[%clk 0:03:05]} Nc6
{[%clk 0:03:05]} 3. d4 {[%clk 0:03:06]} cxd4 {[%clk 0:03:06]} 4. Nxd4
{[%clk 0:03:07]} e5 {[%clk 0:03:07]} 5. Nb5 {[%clk 0:03:08]} d6 {[%clk 0:03:09]}
6. c4 {[%clk 0:03:10]} Be7 {[%clk 0:03:10]} 7. N5c3 {[%clk 0:03:11]} Nf6
{[%clk 0:03:10]} 8. Bd3 {[%clk 0:03:13]} O-O {[%clk 0:03:11]} 9. O-O
{[%clk 0:03:13]} Nd7 {[%clk 0:03:12]} 10. Nd5 {[%clk 0:03:13]} Bg5
{[%clk 0:03:08]} 11. Nbc3 {[%clk 0:03:14]} Nc5 {[%clk 0:03:02]} 12. b4
{[%clk 0:03:12]} Ne6 {[%clk 0:02:44]} 13. Bb2 {[%clk 0:03:08]} Ncd4
{[%clk 0:02:21]} 14. Ne2 {[%clk 0:02:54]} Nxe2+ {[%clk 0:02:12]} 15. Bxe2
{[%clk 0:02:53]} Bd7 {[%clk 0:02:13]} 16. Qb3 {[%clk 0:02:41]} Bc6
{[%clk 0:02:13]} 17. Rfd1 {[%clk 0:02:31]} Bxd5 {[%clk 0:02:11]} 18. exd5
{[%clk 0:02:17]} Nf4 {[%clk 0:02:06]} 19. Bf1 {[%clk 0:02:13]} Rc8
{[%clk 0:01:13]} 20. c5 {[%clk 0:02:03]} Be7 {[%clk 0:00:55]} 21. Rac1
{[%clk 0:01:53]} Qd7 {[%clk 0:00:50]} 22. c6 {[%clk 0:01:40]} bxc6
{[%clk 0:00:46]} 23. dxc6 {[%clk 0:01:17]} Qf5 {[%clk 0:00:17]} 24. b5
{[%clk 0:01:09]} d5 {[%clk 0:00:18]} 25. g3 {[%clk 0:01:01]} Ne6 {[%clk 0:00:07]}
26. Qxd5 {[%clk 0:00:49]} Qg4 {[%clk 0:00:05]} 27. h3 {[%clk 0:00:36]} Qa4
{[%clk 0:00:06]} 28. Qc4 {[%clk 0:00:31]} Qa5 {[%clk 0:00:06]} 29. Bxe5
{[%clk 0:00:28]} Bc5 {[%clk 0:00:06]} 30. Kg2 {[%clk 0:00:26]} Qb6 31. Rc2
{[%clk 0:00:23]} a6 {[%clk 0:00:09]} 32. a4 {[%clk 0:00:24]} axb5
{[%clk 0:00:11]} 33. axb5 {[%clk 0:00:26]} h5 {[%clk 0:00:11]} 34. h4
{[%clk 0:00:25]} Qa5 {[%clk 0:00:11]} 35. Rd7 {[%clk 0:00:23]} Qa3
{[%clk 0:00:08]} 36. Ra2 {[%clk 0:00:20]} Qb4 {[%clk 0:00:08]} 37. Qxb4
{[%clk 0:00:20]} Bxb4 {[%clk 0:00:09]} 38. Bc4 {[%clk 0:00:21]} Nc5
{[%clk 0:00:10]} 39. Rd5 {[%clk 0:00:19]} Ne4 {[%clk 0:00:12]} 40. Rc2
{[%clk 0:00:16]} g6 {[%clk 0:00:10]} 41. Bf4 {[%clk 0:00:15]} Kh7
{[%clk 0:00:11]} 42. c7 {[%clk 0:00:15]} Ba5 {[%clk 0:00:10]} 43. Bd3
{[%clk 0:00:14]} Nc3 {[%clk 0:00:11]} 44. Rxc3 {[%clk 0:00:14]} Bxc3
{[%clk 0:00:12]} 45. b6 {[%clk 0:00:15]} Bb4 {[%clk 0:00:12]} 46. b7
{[%clk 0:00:15]} 1-0